|
|
|
|
| LEADER |
04563nam a2200409 a 4500 |
| 001 |
EBC996702 |
| 003 |
MiAaPQ |
| 005 |
20200520144314.0 |
| 006 |
m o d | |
| 007 |
cr cn||||||||| |
| 008 |
070426s2007 caua sb 001 0 eng |
| 010 |
|
|
|z 2007016878
|
| 020 |
|
|
|z 9781412916691 (cloth)
|
| 020 |
|
|
|z 1412916690 (cloth)
|
| 035 |
|
|
|a (MiAaPQ)EBC996702
|
| 035 |
|
|
|a (Au-PeEL)EBL996702
|
| 035 |
|
|
|a (CaPaEBR)ebr10372810
|
| 035 |
|
|
|a (CaONFJC)MIL676685
|
| 035 |
|
|
|a (OCoLC)809772424
|
| 040 |
|
|
|a MiAaPQ
|c MiAaPQ
|d MiAaPQ
|
| 050 |
|
4 |
|a HF5385
|b .H26 2007
|
| 082 |
0 |
4 |
|a 658.3/124
|2 22
|
| 245 |
0 |
4 |
|a The handbook of mentoring at work
|h [electronic resource] :
|b theory, research, and practice /
|c editors, Belle Rose Ragins, Kathy E. Kram.
|
| 260 |
|
|
|a Los Angeles :
|b Sage Publications,
|c c2007.
|
| 300 |
|
|
|a xi, 745 p. :
|b ill.
|
| 504 |
|
|
|a Includes bibliographical references and indexes.
|
| 505 |
0 |
|
|a Introduction -- The roots and meaning of mentoring / Belle Rose Ragins and Kathy E. Kram -- Mentoring research: past, present, and future -- The role of personality in mentoring relationships: formation, dynamics, and outcomes / Daniel B. Turban and Felissa K. Lee -- Mentoring and career outcomes: conceptual and methodological issues in an emerging literature / Thomas W. Dougherty and George F. Dreher -- Mentoring as a forum for personal learning in organizations / Melenie J. Lankau and Terri A. Scandura -- Mentoring relationships from the perspective of the mentor / Tammy D. Allen -- Mentoring and leadership: standing at the crossroads of theory, research and practice / Veronica M. Godshalk and John J. Sosik -- Mentoring and organizational socialization: networks for work adjustment / Georgia T. Chao -- Gender and mentoring: issues, effects, and opportunities / Carol McKeen and Merridee Bujaki -- Unfinished business: the impact of race on understanding mentoring relationship / Stacy D. Blake-Beard, Audrey Murrell, and David Thomas -- Formal mentoring programs: a "poor cousin" to informal relationships? / S. Gayle Baugh and Ellen A. Fagenson-Eland -- Peer mentoring relationships / Stacy E. McManus and Joyce E.A. Russell -- E-mentoring: next generation research strategies and suggestions / Ellen A. Ensher and Susan Elaine Murphy -- Understanding relational problems in mentoring: a review and proposed investment model / Lillian T. Eby -- Mentoring theory: applying new lenses and perspectives -- Developmental initiation and development networks / Monica C. Higgins, Dawn E. Chandler, and Kathy E. Kram -- Stone center relational cultural theory: a window on relational mentoring / Joyce K. Fletcher and Belle Rose Ragins -- A constructive-developmental theoretical approach to mentoring relationships / Eileen M. McGowan, Eric M. Stone, and Robert Kegan -- The role of emotional intelligence in the mentoring process / Cary Cherniss -- Mentoring for intentional behavioral change / Richard E. Boyatzis -- Career cycles and mentoring / Douglas T. Hall and Dawn E. Chandler -- Mentoring enactment theory: describing, explaining and predicting communication in mentoring relationships / Pamela J. Kalbfleisch -- Mentoring and the work-family interface / Jeffrey H. Greenhaus and Romila Singh -- Mentoring in practice: programs and innovations -- Advancing women through the glass ceiling with formal mentoring / Katherine Giscombe -- Designing relationships for learning into leader development programs / Cynthia D. McCauley and Victoria A. Guthrie -- The practice of mentoring: MENTTIUM Corporation / Lynn P-Sontag, Kimberly Vappie, and Connie R. Wanberg -- Blind dates: the importance of matching in successful formal mentoring relationships / Stacy D. Blake-Beard, Regina M. O'Neill, and Eileen M. McGowan -- An international perspective on mentoring / David Clutterbuck -- Integration -- The landscape of mentoring in the 21st century / Kathy E. Kram and Belle Rose Ragins -- Name index -- Subject index -- About the authors -- About the contributors.
|
| 533 |
|
|
|a Electronic reproduction. Ann Arbor, MI : ProQuest, 2015. Available via World Wide Web. Access may be limited to ProQuest affiliated libraries.
|
| 650 |
|
0 |
|a Mentoring in business.
|
| 650 |
|
0 |
|a Mentoring in the professions.
|
| 650 |
|
0 |
|a Interpersonal relations.
|
| 650 |
|
0 |
|a Organizational behavior.
|
| 655 |
|
4 |
|a Electronic books.
|
| 700 |
1 |
|
|a Ragins, Belle Rose.
|
| 700 |
1 |
|
|a Kram, Kathy E.,
|d 1950-
|
| 710 |
2 |
|
|a ProQuest (Firm)
|
| 856 |
4 |
0 |
|u https://ebookcentral.proquest.com/lib/matrademy/detail.action?docID=996702
|z Click to View
|